000
00307nam a2200121Ia 4500
005
20251222144725.0
008
251222s9999||||xx |||||||||||||| ||spa||
082
_a
692.3/V35A
100
_a
Vásquez Bustamante, Oscar
245
0
_a
Metrado de Acero en Edificaciones
264
_b
Oscar Vasquez
942
_c
LIB
999
_c
18374
_d
18374